Statistics for Foods that Start with E Quiz

Click here to take the quiz!

General Stats

  • This quiz has been taken 36,545 times
    (36,519 since last reset)
  • The average score is 10 of 18

Answer Stats

Clue Food % Correct
SnailsEscargot
86%
Highly-concentrated coffee of ItalyEspresso
86%
Creamy holiday beverageEggnog
86%
Purple vegetableEggplant
86%
McDonald's breakfast offeringEgg McMuffin
75%
Long, cream-filled French pastryÉclair
75%
Mexican tortilla rolled around a filling,
and smothered in sauce
Enchilada
74%
Japanese soybean snackEdamame
63%
The above, topped with ham,
poached eggs and hollandaise sauce
Eggs Benedict
53%
L-shaped macaroniElbow Macaroni
53%
Circular breakfast bread, named
for a country
English Muffin
51%
Fried Chinese appetizerEgg Roll
48%
Unagi, for exampleEel
44%
Hispanic pastry, stuffed with meat,
cheese or veggies
Empanada
43%
Carnival food named for a large animalElephant Ear
35%
Brand of cheese product sold in a spray canEasy Cheese
31%
Salad greenEndive
27%
Cajun dish of shellfish over riceÉtouffée
19%

Score Distribution

Percentile by Number Answered

Percent of People with Each Score

Your Score History

You have not taken this quiz since the last reset